| 000 | 01736nam a2200445 i 4500 | ||
|---|---|---|---|
| 001 | 72752 | ||
| 003 | FlNmELB | ||
| 005 | 20241217143417.0 | ||
| 006 | m o d | | ||
| 007 | cr cnu|||||||| | ||
| 008 | 151203s2006 mx ob 000 0 spa d | ||
| 020 | _z9789702708827 | ||
| 035 | _a(MiAaPQ)EBC4184608 | ||
| 035 | _a(Au-PeEL)EBL4184608 | ||
| 035 | _a(CaPaEBR)ebr11126845 | ||
| 035 | _a(OCoLC)949156172 | ||
| 040 |
_aFINmELB _bspa _erda _cFINmELB |
||
| 050 | 4 |
_aJL1298.A3 _bS218 2006 |
|
| 080 | _a32(72) | ||
| 082 | 0 |
_a324.27204 _223 |
|
| 100 | 1 | _aSandoval Álvarez, Rafael. | |
| 245 | 1 | 0 |
_aNuevas formas de hacer política : _buna subjetividad emergente / _cRafael Sandoval Álvarez. |
| 264 | 1 |
_aGuadalajara, Jalisco : _bUniversidad de Guadalajara, Centro Universitario de Ciencias Sociales y Humanidades, _c2006. |
|
| 300 | _a1 recurso en línea (297 páginas) | ||
| 336 |
_atexto _btxt _2rdacontent/spa |
||
| 337 |
_acomputadora _bc _2rdamedia/spa |
||
| 338 |
_arecurso en línea _bcr _2rdacarrier/spa |
||
| 504 | _aContiene bibliografía. | ||
| 588 | _aDescripción basada en recurso en línea; Título de la página del título en PDF (e-libro, visto December 3, 2015). | ||
| 590 | _aRecurso electronico. Santa Fe, Arg. : e-libro, 2014. Disponible via World Wide Web. El acceso puede ser limitado para las bibliotecas afiliadas a e-libro. | ||
| 650 | 0 |
_aPolitics, Practical _zMexico. |
|
| 650 | 0 |
_aSocial movements _zMexico. |
|
| 650 | 4 | _aPolítica. | |
| 651 | 0 |
_aMexico _xPolitics and government _y20th century. |
|
| 651 | 0 | _aJalisco (Mexico) | |
| 651 | 4 | _aMéxico. | |
| 655 | 4 | _aLibros electrónicos. | |
| 797 | 2 | _ae-libro, Corp. | |
| 856 | 4 | 0 | _uhttps://elibro.net/ereader/politecnicointernacional/74253 |
| 999 |
_c72752 _d72752 |
||